000 00526nam a2200169 i 4500
001 87641
003 ES-MaACL
005 20230906175718.0
007 t|
008 041222s1979 sp ||||1| spa d
100 1 _aKuhn, Thomas S.
_968988
245 1 3 _aLa función del dogma en la investigación científica /
_cThomas S. Kuhn ; traducción de Dámaso Eslava.
260 _aValencia :
_bRevista Teorema,
_c1979.
300 _a44 p. ;
_c19 cm.
700 1 _aEslava, Dámaso.
_947729
852 _aES-MaACL
_j2102-F-24
_bR.99805
999 _c87641
_d87641